Online
Catalog

Reglamento para el diseño y construcción de media a baja tensión : (Record no. 50326)

MARC details
000 -CABECERA
campo de control de longitud fija 01017nam a22002177a 4500
003 - IDENTIFICADOR DEL NÚMERO DE CONTROL
campo de control DO-SdBNP
005 - FECHA Y HORA DE LA ÚLTIMA TRANSACCIÓN
campo de control 20210830143815.0
007 - CAMPO FIJO DE DESCRIPCIÓN FÍSICA--INFORMACIÓN GENERAL
campo de control de longitud fija ta
008 - DATOS DE LONGITUD FIJA--INFORMACIÓN GENERAL
campo de control de longitud fija 210830b1998 ab||| |||| 00| 0 spa
040 ## - FUENTE DE LA CATALOGACIÓN
Centro catalogador/agencia de origen DO-SdBNP
Lengua de catalogación spa
Centro/agencia transcriptor BNPHU
082 ## - NÚMERO DE LA CLASIFICACIÓN DECIMAL DEWEY
Número de edición 22
110 01 - ENTRADA PRINCIPAL--NOMBRE DE ENTIDAD CORPORATIVA
Nombre de entidad corporativa o nombre de jurisdicción como elemento de entrada República Dominicana.
Unidad subordinada Secretaría de Estado de Obras Públicas y Comunicaciones ;
Término indicativo de función/relación Dirección General de Reglamentos y Sistemas DGRS
9 (RLIN) 35775
245 01 - MENCIÓN DE TÍTULO
Título Reglamento para el diseño y construcción de media a baja tensión :
Resto del título reglamento No. 347-98 del 11 de septiembre de 1998 /
Mención de responsabilidad, etc. Secretaría de Estado de Obras Públicas y comunicaciones
260 ## - PUBLICACIÓN, DISTRIBUCIÓN, ETC.
Lugar de publicación, distribución, etc. Santo Domingo :
Nombre del editor, distribuidor, etc. Secretaría de Estado de Obras Públicas y comunicaciones SEOPC.,
Fecha de publicación, distribución, etc. 1998
300 ## - DESCRIPCIÓN FÍSICA
Extensión 59 p. :
Otras características físicas il. ; mapas
Dimensiones 27 cm.
500 ## - NOTA GENERAL
Nota general Incluye apéndice.
505 ## - NOTA DE CONTENIDO CON FORMATO
Nota de contenido con formato Indice de contenido.
Título 1. Generalidades
-- 2.Tipos de subestaciones
-- 3. Sistema de puesta a tierra
-- 4. Uso de subestaciones y restriciones
590 ## - NOTA LOCAL (RLIN)
Nota local Inventariado, 2021 / SA
910 ## - DATOS DE OPCIÓN DEL USUARIO (OCLC)
Datos de opción del usuario Saquino
942 ## - ELEMENTOS DE PUNTO DE ACCESO ADICIONAL (KOHA)
Fuente del sistema de clasificación o colocación Dewey Decimal Classification
Tipo de ítem Koha Libro
Holdings
Estado de retiro Estado de pérdida Fuente del sistema de clasificación o colocación Restricciones de uso No para préstamo Código de colección Localización permanente Ubicación/localización actual Ubicación en estantería Fecha de adquisición Fuente de adquisición Total de préstamos Signatura topográfica completa Código de barras Fecha visto por última vez Precio válido a partir de Tipo de ítem Koha Nota pública
    Dewey Decimal Classification Excluido de préstamo   Monografías: Libros y Folletos Biblioteca Nacional Pedro Henríquez Ureña Patrimonio Dominicano En catalogación 02.07.2018 Donado   BNPHU PD R246r 2021-25839 30.08.2021 30.08.2021 Libro S/A

Powered by Koha